En la Araucanía: el padre Sigifredo de Frauenhausl y el parlamento mapuche de Coz Coz de 1907
সংরক্ষণ করুন:
| প্রধান লেখক: | , , |
|---|---|
| বিন্যাস: | গ্রন্থ |
| ভাষা: | স্প্যানিশ |
| প্রকাশিত: |
Madrid
Iberoamericana
2006
|
| বিষয়গুলি: | |
| ট্যাগগুলো: |
ট্যাগ যুক্ত করুন
কোনো ট্যাগ নেই, প্রথমজন হিসাবে ট্যাগ করুন!
|
MARC
| LEADER | 00000nam a2200000 a 4500 | ||
|---|---|---|---|
| 001 | UCI1226 | ||
| 003 | CL-VaPUC | ||
| 008 | 070622e20060000SP |||||||||||||||||spa|d | ||
| 020 | |a 8484892786 | ||
| 082 | 0 | 4 | |a 983.03 |b ARE |2 21 |
| 100 | 0 | |a Arellano Hoffmann, Carmen |e author |9 521589 | |
| 700 | 0 | |a Holzbauer, Hermann |e author |9 521590 | |
| 700 | 0 | |a Kramer, Roswitha |e author |9 521591 | |
| 245 | 1 | 0 | |a En la Araucanía: el padre Sigifredo de Frauenhausl y el parlamento mapuche de Coz Coz de 1907 |
| 300 | |a 516 p | ||
| 942 | |c BK | ||
| 945 | |d 20070622 00:00:00 |a jtorresc | ||
| 260 | |a Madrid |b Iberoamericana |c 2006 | ||
| 600 | 0 | 7 | |a FRAUENHAUSL, SIGIFREDO DE |2 CL-VaPUC |9 521592 |
| 650 | 7 | |a PARLAMENTO ARAUCANO |2 CL-VaPUC |9 521593 | |
| 650 | 0 | |a Guerra de Arauco |9 267618 | |
| 650 | 0 | |a Población |9 257577 | |
| 650 | 0 | |a Cultura |9 269059 | |
| 650 | 0 | |a Mapuche |9 344248 | |
| 650 | 0 | |a Etnología |9 258726 | |
| 583 | |a last modification |c 20070622 00:00:00 |k Rodrigo Vera | ||
| 999 | |c 326066 |d 326064 | ||
| 952 | |0 0 |1 0 |4 0 |6 983_030000000000000_ARE_2006 |7 0 |8 A |9 407751 |a BIBHIS |b BIBHIS |d 2019-11-22 |i 4351495 |l 2 |o 983.03 ARE 2006 |p 4351495 |r 2025-01-20 |s 2023-06-20 |w 2019-11-22 |y BK |k HIS | ||
| 952 | |0 0 |1 0 |4 0 |6 983_030000000000000_ARE_2006 |7 0 |8 X |9 407752 |a FDOBUD |b FDOBUD |d 2019-11-22 |i 4587154 |o 983.03 ARE 2006 |p 4587154 |r 2019-11-22 |w 2019-11-22 |y BK_X |k BUD | ||